|
|
|
|
| LEADER |
02459nam a22004694a 4500 |
| 001 |
45809 |
| 003 |
BD-DhAAL |
| 005 |
20260519151952.0 |
| 008 |
260519t2001 nyua b 001 0 eng |
| 010 |
|
|
|a 00011401
|
| 020 |
|
|
|a 9780801487323
|
| 020 |
|
|
|a 0801438438
|
| 020 |
|
|
|a 0801487323
|
| 020 |
|
|
|a 9780801438431
|
| 035 |
|
|
|a 12170816
|
| 040 |
|
|
|a DLC
|c DLC
|d DLC
|d BD-DhAAL
|
| 042 |
|
|
|a pcc
|
| 043 |
|
|
|a a-ja---
|
| 050 |
0 |
0 |
|a HV1454.2.J32
|b T657 2001
|
| 082 |
0 |
0 |
|a 362.610952135
|2 21
|
| 100 |
1 |
|
|a Thang, Leng Leng,
|d 1965-
|9 60892
|
| 245 |
1 |
0 |
|a Generations in touch :
|b linking the old and young in a Tokyo neighborhood /
|c Leng Leng Thang.
|
| 246 |
|
3 |
|a Generations in touch
|
| 260 |
|
|
|a Ithaca :
|b Cornell University Press,
|c 2001.
|
| 300 |
|
|
|a x, 209 pages :
|b illustrations ;
|c 23 cm
|
| 490 |
1 |
|
|a The anthropology of contemporary issues
|
| 500 |
|
|
|a First published 2001.
First printing, Cornell paperbacks, 2001
|
| 504 |
|
|
|a Includes bibliographical references (p. 199-205) and index.
|
| 505 |
0 |
|
|a The problem : reengagement -- The place : staff, residents, and children -- Rhythms of reencounters -- The goal : a big family eating from the same rice pot -- The vision : dream family -- Fureai : encounters and exchanges -- Fureai : realities -- Window to society.
|
| 526 |
8 |
|
|a AAL
|
| 541 |
1 |
|
|a Donated by Embassy of Japan in Bangladesh, Read Japan Project 2025, The Tokyo Foundation, supported by The Nippon Foundation.
|e 45809
|
| 610 |
2 |
0 |
|a Kotoen (Age-integrated institution : Tokyo, Japan)
|9 60893
|
| 650 |
|
0 |
|a Older people
|x Institutional care
|z Japan
|z Tokyo.
|9 60894
|
| 650 |
|
0 |
|a Intergenerational relations
|z Japan
|z Tokyo.
|9 60895
|
| 650 |
|
0 |
|a Older people
|x Housing
|z Japan
|z Tokyo.
|9 60896
|
| 650 |
|
0 |
|a Older people
|z Japan
|z Tokyo
|x Attitudes.
|9 60897
|
| 650 |
|
0 |
|a Retirees
|z Japan
|x Attitudes.
|9 60898
|
| 830 |
|
0 |
|a The anthropology of contemporary issues
|9 60899
|
| 852 |
1 |
|
|a Ayesha Abed Library
|c General Stacks
|
| 942 |
|
|
|2 ddc
|c BK
|
| 999 |
|
|
|c 47991
|d 47991
|
| 952 |
|
|
|0 0
|1 0
|2 ddc
|4 0
|6 362_610952135000000_THA
|7 0
|9 79238
|a BRACUL
|b BRACUL
|d 2026-05-19
|e Donated by Embassy of Japan in Bangladesh, Read Japan Project 2025, The Tokyo Foundation, supported by The Nippon Foundation.
|l 0
|o 362.610952135 THA
|p 3010045809
|r 2026-05-19
|t 1
|w 2026-05-19
|y BK
|x Donated copy received from Embassy of Japan in Bangladesh, Read Japan Project 2025, The Tokyo Foundation, supported by The Nippon Foundation on 08 April 2026; $44.95 Amazon.com
|